Culture Générale - Série 2058 - Statistiques

Statistiques générales
  • Ce quiz a été pris 120 fois
  • Le résultat moyen est 3 sur 10
Statistiques - réponses
Question Réponse % Correct
Ce mot désigne un mets traditionnel du Québec et un Vladimir célèbre poutine
93%
Quelle ville du Jura est bien connue des fumeurs ? voir photo Saint Claude
48%
En quelle année la Corée a-t-elle été partitionnée ? 1945
44%
En changeant une lettre du mot synonyme de pleur, vous trouverez une ville italienne Parme
38%
En changeant une lettre du vicaire vous obtiendrez un tueur à gages sicaire
29%
Cet ancien prénom est celui d'un pape et de l'ancien ministre Le Pors du gouvernement Mauroy Anicet
26%
Quelle espèce d'oiseau est le pilet ? canard
21%
Quel chanteur la romancière Hélène Grémillon a-t-elle épousé en 2012 ? Julien Clerc
11%
Quel écrivain algérien prénommé Mohammed (1920-2003) est l'auteur de la trilogie "la grande maison" "L'incendie" "Le métier à tisser" ? Dib
5%
Quel nom donne-t-on au du faucon et épervier mâle ? tiercelet
2%
Aucun quiz correspondant
Distribution des résultats
% des personnes avec chaque résultat
Percentile par nombre de réponses
Votre historique - résultats
Vous n’avez pas pris ce quiz